000 01131nam0a2200313 i 4500
001 RU\NLR\bibl\1951304
005 20240726063019.0
010 _a9785699578672
_96000
021 _aRU
_b2012-67452
_94944
035 _a(NLR Aleph) 001940441
090 _a3558016
_c3558016
100 _a20121004d2012 c y0rusy50 ca
101 1 _arus
_ceng
102 _aRU
105 _aa |||||||||
200 1 _aУчимся дружить
_eкнига в помощь малышу
_e[перевод с английского
_eдля детей дошкольного и младшего школьного возраста]
_fКристина Адамс
_gил. Р.В. Элли
210 _aМосква
_cЭксмо
_d2012
215 _a[32] с.
_cцв. ил.
_d21х21
225 1 _aСоветы доброго Эльфа
517 0 _aКнига в помощь малышу
686 _aШ9
_bЮ9
700 1 _aАдамс
_bК.
_gКристина
_4070
702 1 _aЭлли
_bР. В.
_4440
801 0 _aRU
_bNLR
_c20121004
_gRCR
801 1 _aRU
_bNLR
_c20121004
942 _cBOOK
980 _aNBR